000 00407nam a2200157Ia 4500
003 GCL
008 140319s9999 xx 000 0 eng d
040 _aGCL /
_cGCL
082 0 4 _a622.1828
_bP A
245 1 0 _aAUTOMATED PATTERN ANALYSIS IN PETROLEUM EXPLORATION
260 _a[S.N] :
_bABT AKVERT SKIRA S.A ،
_c1991
300 _a295 P
650 0 4 _aANALYSIS
650 0 4 _aEXPLORATION
942 _2ddc
_cBK
999 _c13378
_d13378